000 00543nam a22001457a 4500
003 OSt
008 181103b ||||| |||| 00| 0 eng d
100 _aAJAY GOKUL, A. J
245 _aComparative Evaluation of Naturally Ventilated Polyhouse and Rainshelter on the Performance of Cowpea
260 _aTAVANUR
_bDEPARTMENT OF LAND &WATER RESOURCES AND CONSERVATION ENGINEERING
_c2015
300 _a93
_eCD
700 _aDr. Abdul Hakkim, V. M (Guide)
856 _uhttps://drive.google.com/open?id=1dUpGa7JeD8focwNGQfgYHWWFtV_Z6Gy-
942 _cTH
999 _c15539
_d15539